[Event "Budapest Art Pub Cup 6th"]
[Site "Budapest"]
[Date "2015.01.04"]
[Round "6"]
[White "Losonczi, Marcell"]
[Black "Szucs, Zoltan"]
[Result "1-0"]
[WhiteElo "1728"]
[BlackElo "1635"]
[PlyCount "71"]
[EventDate "2015.01.02"]
[EventType "swiss"]
[EventRounds "6"]
[EventCountry "HUN"]
[SourceTitle "CBM 164 Extra"]
[Source "ChessBase"]
[SourceDate "2015.03.02"]
[SourceVersion "1"]
[SourceVersionDate "2015.03.02"]
[SourceQuality "1"]

1. e4 e5 2. Bc4 Nc6 3. Nc3 Nf6 4. f4 Nxe4 5. Nxe4 d5 6. Bd3 dxe4 7. Bxe4 Bd6 8. Nf3 Nd4 9. fxe5 Bxe5 10. 0-0 Bf6 11. c3 Ne6 12. d4 0-0 13. Qd3 g6 14. Bh6 Bg7 15. Bxg7 Kxg7 16. Ne5 Ng5 17. Rf4 Nxe4 18. Qxe4 c6 19. Raf1 Be6 20. Rf6 Qxf6 21. Rxf6 Kxf6 22. Nd7+ Ke7 23. Nxf8 Rxf8 24. d5 cxd5 25. Qb4+ Ke8 26. Qxb7 a5 27. Qb5+ Ke7 28. Qc5+ Ke8 29. Qxa5 Ke7 30. Qc5+ Ke8 31. b4 f5 32. b5 Kf7 33. Qa7+ Kf6 34. b6 Rf7 35. Qxf7+ Kxf7 36. b7 1-0

[Event "Budapest Art Pub Cup 3rd"]
[Site "Budapest"]
[Date "2014.01.03"]
[Round "2"]
[White "Karacsonyi, Kata"]
[Black "Szucs, Zoltan"]
[Result "1-0"]
[WhiteElo "1325"]
[BlackElo "1663"]
[PlyCount "63"]
[EventDate "2014.01.02"]
[EventType "swiss"]
[EventRounds "7"]
[EventCountry "HUN"]
[SourceTitle "CBM 158 Extra"]
[Source "ChessBase"]
[SourceDate "2014.02.28"]
[SourceVersion "1"]
[SourceVersionDate "2014.02.28"]
[SourceQuality "1"]

1. e4 e5 2. Nf3 Nc6 3. Bb5 a6 4. Bxc6 dxc6 5. 0-0 Qf6 6. d4 exd4 7. Nxd4 Bd7 8. e5 Qg6 9. Qf3 0-0-0 10. Be3 Ne7 11. Nc3 h6 12. a4 Bg4 13. Qg3 h5 14. b4 Nf5 15. Nxf5 Qxf5 16. b5 g5 17. h3 h4 18. Qxg4 Qxg4 19. hxg4 Bg7 20. bxc6 Bxe5 21. cxb7+ Kb8 22. Ra3 f6 23. Ne4 Bd6 24. Nxd6 Rxd6 25. Rb3 f5 26. gxf5 g4 27. Rfb1 Rdd8 28. f6 g3 29. f3 Rhe8 30. Bc5 h3 31. f7 Re2 32. gxh3 1-0

[Event "Budapest Art Pub Cup 3rd"]
[Site "Budapest"]
[Date "2014.01.03"]
[Round "3"]
[White "Szucs, Zoltan"]
[Black "Gombocz, Judit"]
[Result "1-0"]
[WhiteElo "1663"]
[BlackElo "1219"]
[PlyCount "41"]
[EventDate "2014.01.02"]
[EventType "swiss"]
[EventRounds "7"]
[EventCountry "HUN"]
[SourceTitle "CBM 158 Extra"]
[Source "ChessBase"]
[SourceDate "2014.02.28"]
[SourceVersion "1"]
[SourceVersionDate "2014.02.28"]
[SourceQuality "1"]

1. e4 e5 2. Nf3 Nf6 3. Nxe5 d6 4. Nf3 Nxe4 5. d4 Bf5 6. Bd3 d5 7. 0-0 Bd6 8. Re1 0-0 9. c4 c6 10. cxd5 cxd5 11. Nc3 Re8 12. Be3 Nd7 13. Nxd5 Qa5 14. Nc3 Nef6 15. Qc2 Bg6 16. Bxg6 fxg6 17. Qb3+ Kh8 18. Ng5 Ng4 19. Nf7+ Kg8 20. Nh6+ Kf8 21. Qf7# 1-0

[Event "Budapest Art Pub Cup 2nd"]
[Site "Budapest"]
[Date "2013.08.09"]
[Round "1"]
[White "Medve, Mark"]
[Black "Szucs, Zoltan"]
[Result "1-0"]
[WhiteElo "2062"]
[BlackElo "1633"]
[PlyCount "51"]
[EventDate "2013.08.09"]
[EventType "swiss"]
[EventRounds "6"]
[EventCountry "HUN"]
[SourceTitle "CBM 156 Extra"]
[Source "ChessBase"]
[SourceDate "2013.10.22"]
[SourceVersion "1"]
[SourceVersionDate "2013.10.22"]
[SourceQuality "1"]

1. d4 Nf6 2. c4 g6 3. Nc3 Bg7 4. e4 d6 5. f3 0-0 6. Be3 Nbd7 7. Nh3 c5 8. d5 Nb6 9. Nf2 e6 10. Be2 e5 11. g4 Ne8 12. Qd2 f5 13. gxf5 gxf5 14. exf5 Bxf5 15. 0-0-0 a5 16. h4 a4 17. h5 Kf7 18. Rdg1 Bf6 19. Bd3 Qc8 20. Ng4 Bxd3 21. Qxd3 Rh8 22. Ne4 Qd7 23. Nexf6 Nxf6 24. Nxf6 Kxf6 25. Bg5+ Kf7 26. Bh6 1-0

[Event "Hampstead op U2200 07"]
[Site "Hampstead"]
[Date "2013.07.20"]
[Round "3"]
[White "Landau, Jonathan"]
[Black "Szucs, Zoltan"]
[Result "1-0"]
[WhiteElo "1922"]
[BlackElo "1632"]
[PlyCount "81"]
[EventDate "2013.07.20"]
[EventType "swiss"]
[EventRounds "5"]
[EventCountry "ENG"]
[SourceTitle "EXT 2023"]
[Source "ChessBase"]
[SourceDate "2022.10.05"]
[SourceVersion "1"]
[SourceVersionDate "2022.10.05"]
[SourceQuality "1"]

1. e4 e5 2. Nc3 Nf6 3. f4 d5 4. exd5 Nxd5 5. fxe5 Be6 6. Nf3 c5 7. Bb5+ Nc6 8. Bxc6+ bxc6 9. 0-0 Be7 10. d3 0-0 11. Ne4 Qb6 12. Nfg5 Bxg5 13. Nxg5 c4+ 14. Kh1 Ne3 15. Qh5 h6 16. Bxe3 Qxe3 17. Nxe6 fxe6 18. dxc4 Rf2 19. Rxf2 Qxf2 20. Qf3 Qxc2 21. Qxc6 Rf8 22. Qxe6+ Kh8 23. Rg1 Qxb2 24. c5 Qb7 25. c6 Qc7 26. Qd6 Rc8 27. Qxc7 Rxc7 28. Rc1 Kg8 29. g4 Kf7 30. h4 Ke6 31. Rc5 g6 32. Kg2 a5 33. Kf3 a4 34. Ke4 a3 35. Kd4 h5 36. gxh5 gxh5 37. Ke4 Rc8 38. Kf4 Rg8 39. c7 Kd7 40. c8Q+ Rxc8 41. e6+ 1-0